00569nam a22001697a 450000500170000001000150001702000260003203500140005803700090007208200110008110000270009224500910011926000470021027000890025730000270034670000260037320220406112750.0 aENG-131647 a9788194878490c721.00 aEN-115179 bDBAD a005.13 aPrasad, L.V. Narasimha aProgramming for Problem Solving Using C /cL.V. Narasimha Prasad, E. Krishna Rao Patro aHyderabadbSpectrum Publishing Housec2021 a# 326/C, III Floor, Surneni Nilayam Near B K Guda Park, S R NagarbHyderabade500038 aviii, 584p.c24cm(pbk) aPatro, E. Krishna Rao